US States by Big 4 Sports Quiz Stats

 Plays Quiz Updated Mar 23, 2020

Support Sporcle.
Go Orange.
Score 0/9 Timer 02:00
8 Plays Today
Distribution State % Correct
NFL/MLB/NBA/NHLCalifornia, Florida, Texas, Pennsylvania, New York, Ohio, Illinois, Massachusetts, Colorado, Arizona, Michigan, Minnesota
99.8%
NoneIowa, Maine, Kansas, Alabama, Alaska, Arkansas, Connecticut, Delaware, Hawaii...
72%
NBAOregon, Utah, Oklahoma
59.2%
NFL/MLB/NBAGeorgia and Wisconsin
41.5%
NFL/NBA/NHLNorth Carolina and Tennessee
40.1%
NFL/MLBMaryland
39.6%
NFL/MLB/NHLMissouri and Washington
35.5%
NFL/NBAIndiana and Louisiana
34.6%
NFL/NHLNew Jersey and Nevada
15.9%

From the Vault

Highest Life Expectancy (Asia)

by Markovic

Life expectancy numbers are helpful when making a life plan.
Remove Ads.
Support Sporcle.
Get the best of Sporcle when you Go Orange. This ad-free experience offers more features, more stats, and more fun while also helping to support Sporcle. Thank you for becoming a member.

Show Comments

Extras

Top Quizzes Today


Score Distribution

Your Account Isn't Verified!

In order to create a playlist on Sporcle, you need to verify the email address you used during registration. Go to your Sporcle Settings to finish the process.

Report this User

Report this user for behavior that violates our Community Guidelines.

Details: